00278nam a2200109Ia 4500008004100000100002300041245002300064250001300087260005100100300000900151650000800160191201s2010 xx 000 0 und d aBLANCHARD, Kenneth 0aOne Minute Manager a38th IMP aLondonbHarper Collins Publishers Londonc2010 a2010 aBBA